000 00503nam a2200193Ia 4500
005 20250326144907.0
008 250326s9999 xx 000 0 und d
020 _a0-8144-0543-6
037 _aTextbook
040 _aFMSL
_beng
_cFMSL
041 _aeng
_2eng
084 _aX:87 P0
_qFMSL
100 _aPerkins DN
_9750279
245 0 _aLeading at the edge
_cPerkins DN
260 _aNew
_bNew, york Amacom
_c2000
300 _a261p
942 _cTB
_hX:87 P0
999 _c1305508
_d1305508